Bulletin on the religions of India / (Record no. 31798)
[ view plain ]
| 000 -LEADER | |
|---|---|
| fixed length control field | 00694nam a2200241I 4500 |
| 001 - CONTROL NUMBER | |
| control field | 31798 |
| 003 - CONTROL NUMBER IDENTIFIER | |
| rucl marc code | BD-RjUL |
| 005 - DATE AND TIME OF LATEST TRANSACTION | |
| control field | 20211209051741.0 |
| 008 - FIXED-LENGTH DATA ELEMENTS--GENERAL INFORMATION | |
| fixed length control field | 140422 1960 i eng d |
| 035 ## - SYSTEM CONTROL NUMBER | |
| System control number | (BD-RjUL)31886 |
| 040 ## - CATALOGING SOURCE | |
| Transcribing agency | KEN |
| Modifying agency | BD-RjUL |
| Original cataloging agency | BD-RjUL |
| Language of cataloging | eng |
| 041 1# - LANGUAGE CODE | |
| Language code of text/sound track or separate title | engfre |
| 082 ## - DEWEY DECIMAL CLASSIFICATION NUMBER | |
| Classification number | 294 |
| Author mark and year | BAB 1960 |
| 099 #1 - LOCAL FREE-TEXT CALL NUMBER (OCLC) | |
| Bangla Class number | 299.11 B23b |
| 100 1# - MAIN ENTRY--PERSONAL NAME | |
| Personal name | Barth, Auguste, |
| Dates associated with a name | 1834-1916. |
| 9 (RLIN) | 96800 |
| 245 10 - TITLE STATEMENT | |
| Title | Bulletin on the religions of India / |
| 260 ## - PUBLICATION, DISTRIBUTION, ETC. (IMPRINT) | |
| Place of publication, distribution, etc. | Calcutta : |
| Name of publisher, distributor, etc. | Distributors: K. L. Mukhopadhyaya, |
| Date of publication, distribution, etc. | 1960. |
| 300 ## - PHYSICAL DESCRIPTION | |
| Pagination | [6] 55 p. ; |
| Size | 24 cm. |
| 650 ## - SUBJECT ADDED ENTRY--TOPICAL TERM | |
| Topical term or geographic name as entry element | Religion |
| 9 (RLIN) | 96801 |
| 651 #0 - SUBJECT ADDED ENTRY--GEOGRAPHIC NAME | |
| Geographic name | India |
| General subdivision | Religion |
| -- | Bibliography. |
| 9 (RLIN) | 96802 |
| Geographic name | India |
| General subdivision | Religion. |
| 9 (RLIN) | 96803 |
| 942 ## - ADDED ENTRY ELEMENTS (KOHA) | |
| Source of classification or shelving scheme | Dewey Decimal Classification |
| Koha item type | Books |
| Lost status | Source of classification or shelving scheme | Damaged status | Not for loan | Collection code | Permanent Location | Current Location | Shelving location | Date acquired | Source of acquisition | Cost, normal purchase price | Total Checkouts | Full call number | Date last seen | Copy number | Koha item type |
|---|---|---|---|---|---|---|---|---|---|---|---|---|---|---|---|
| Dewey Decimal Classification | Not For Loan | Non-fiction | Central Library, University of Rajshahi | Central Library, University of Rajshahi | Reading Room | 13/01/1962 | Orinental | 5.30 | 294 BAB 1960 | 22/04/2014 | C-1 | Books |